| 000 | 01354nam a2200337 i 4500 | ||
|---|---|---|---|
| 001 | 11984 | ||
| 003 | KOSZ 005 | ||
| 005 | 20200630132825.0 | ||
| 008 | 071105s1968 pl a f 001 0 pol | ||
| 015 | _aPB 1968/6475 | ||
| 040 |
_aWA N _cKOSZ 005/KK _dKOSZ 005/KK |
||
| 041 | 1 |
_apol _heng |
|
| 080 | _a001:53 | ||
| 100 | 1 |
_aFox, Russell. _eAutor |
|
| 245 | 1 | 0 |
_aNauka o nauce : _bmetody objaśniania zjawisk fizycznych / _cRussell Fox, Max Garbuny, Robert Hooke ; z ang. przeł. Wiesław Łucjanek. |
| 246 | 1 |
_iTyt. oryg.: _aScience of science : _bmethods of interpreting physical phenomena. |
|
| 260 |
_aWarszawa : _bPaństwowe Wydawnictwo Naukowe, _c1968. |
||
| 300 |
_a234, [5] s. : _bil. ; _c23 cm. |
||
| 380 | _aKsiążki. | ||
| 490 | 1 |
_aBiblioteka Problemów _vt. 126. |
|
| 500 | _aTyt. oryg.: The science of science : methods of interpreting physical phenomena. | ||
| 650 | 4 |
_aFizyka _xmetodologia. |
|
| 650 | 4 |
_aFizyka _xmetody. |
|
| 700 | 1 |
_aGarbuny, Max _d(1912-1999). |
|
| 700 | 1 | _aHooke, Robert. | |
| 700 | 1 |
_aŁucjanek, Wiesław _d(1934- ). _eTłumacz |
|
| 710 | 2 |
_aPaństwowe Wydawnictwo Naukowe _4pbl. |
|
| 830 | 0 |
_aBiblioteka Problemów, _vt. 126. |
|
| 856 |
_uhttp://koha.tu.koszalin.pl/cgi-bin/koha/opac-detail.pl?biblionumber=11984 _yKatalog online BPK |
||
| 942 |
_2UKD _cKS |
||
| 999 |
_c11984 _d11984 |
||